Testing and inspection of engineering materials (Record no. 10108)

000 -LEADER
fixed length control field 00598nam a22002171 4500
001 - CONTROL NUMBER
control field 10108
003 - CONTROL NUMBER IDENTIFIER
control field BD-DhUET
008 - FIXED-LENGTH DATA ELEMENTS--GENERAL INFORMATION
fixed length control field 730116s1964 nyua b 000 0 eng
040 ## - CATALOGING SOURCE
Transcribing agency 0
Modifying agency BD-DhUET
082 ## - DEWEY DECIMAL CLASSIFICATION NUMBER
Classification number 620.11291
Item number DAV/1964
100 ## - MAIN ENTRY--PERSONAL NAME
Personal name Davis, Harmer Elmer
245 14 - TITLE STATEMENT
Title Testing and inspection of engineering materials
250 ## - EDITION STATEMENT
Edition statement 3rd ed.
260 ## - PUBLICATION, DISTRIBUTION, ETC. (IMPRINT)
Place of publication, distribution, etc. New York
Name of publisher, distributor, etc. McGraw-Hill Book
Date of publication, distribution, etc. 1964
300 ## - PHYSICAL DESCRIPTION
Extent xvi, 475 p.
Other physical details ill.
Dimensions 23 cm.
490 1# - SERIES STATEMENT
Series statement McGraw-Hill civil engineering series
650 #0 - SUBJECT ADDED ENTRY--TOPICAL TERM
Topical term or geographic name as entry element Materials
700 ## - ADDED ENTRY--PERSONAL NAME
Personal name Troxell, George Earl
700 ## - ADDED ENTRY--PERSONAL NAME
Personal name Wiskocil, Clement T.
942 ## - ADDED ENTRY ELEMENTS (KOHA)
Koha item type General Book
Holdings
Piece designation (barcode) Withdrawn status Not for loan Koha item type Sublocation or collection (holding branch) Koha full call number Shelving location Koha date last seen Damaged status Price effective from Location (home branch) Source of classification or shelving scheme Date acquired Lost status Koha normalized classification for sorting Copy number
24031  General BookCentral Library, BUET620.11291/DAV/1964Circulation section2015-02-04 2015-02-04Central Library, BUET 2015-02-04 620_112910000000000_DAV_19641
36046  General BookCentral Library, BUET620.11291/DAV/1964Circulation section2015-04-27 2015-04-27Central Library, BUET 2015-04-27 620_112910000000000_DAV_19642
24033  General BookCentral Library, BUET620.11291/DAV/1964Circulation section2015-04-27 2015-04-27Central Library, BUET 2015-04-27 620_112910000000000_DAV_19643
24032  Reading ItemCentral Library, BUET620.11291/DAV/1964Reading section2015-06-23 2015-06-23Central Library, BUET 2015-06-23 620_112910000000000_DAV_19644